[Event "St Petersburg-ch Seniors Blitz"]
[Site "St Petersburg"]
[Date "2022.10.05"]
[Round "6"]
[White "Lisenko, Alexander V"]
[Black "Manin, Viktor L"]
[Result "1/2-1/2"]
[WhiteElo "2207"]
[BlackElo "2022"]
[PlyCount "79"]
[EventDate "2022.10.05"]
[EventType "swiss"]
[EventRounds "11"]
[EventCountry "RUS"]
[SourceTitle "CBM 210 Extra"]
[Source "ChessBase"]
[SourceDate "2022.11.30"]
[SourceVersion "1"]
[SourceVersionDate "2022.11.30"]
[SourceQuality "1"]

1. c4 c5 2. Nc3 Nc6 3. g3 e6 4. Bg2 Nf6 5. Nf3 d5 6. cxd5 exd5 7. d4 cxd4 8. Nxd4 Be7 9. 0-0 0-0 10. Bf4 a6 11. Rc1 Re8 12. Nxc6 bxc6 13. Na4 Bd7 14. Qd4 Qa5 15. Bd2 Qb5 16. e3 Bd6 17. Rfe1 Ne4 18. Bf1 Qb8 19. Ba5 Ra7 20. Qb6 Rb7 21. Qd4 Be5 22. Qd1 Bxb2 23. Rb1 Be5 24. Bxa6 Rxb1 25. Qxb1 Qa8 26. Qb7 Qxb7 27. Bxb7 Rb8 28. Ba6 Ra8 29. Nb6 Rxa6 30. Nxd7 Bd6 31. Bb6 Rxa2 32. Rc1 Nxf2 33. Rxc6 Nh3+ 34. Kh1 Nf2+ 35. Kg1 Nh3+ 36. Kh1 Nf2+ 37. Kg1 Nh3+ 38. Kh1 Nf2+ 39. Kg1 Nh3+ 40. Kh1 1/2-1/2

[Event "St Petersburg-ch Seniors Blitz"]
[Site "St Petersburg"]
[Date "2022.10.05"]
[Round "8"]
[White "Pozin, Sergey"]
[Black "Lisenko, Alexander V"]
[Result "1/2-1/2"]
[WhiteElo "2124"]
[BlackElo "2207"]
[PlyCount "126"]
[EventDate "2022.10.05"]
[EventType "swiss"]
[EventRounds "11"]
[EventCountry "RUS"]
[SourceTitle "CBM 210 Extra"]
[Source "ChessBase"]
[SourceDate "2022.11.30"]
[SourceVersion "1"]
[SourceVersionDate "2022.11.30"]
[SourceQuality "1"]

1. d4 Nf6 2. Nf3 e6 3. Bf4 c5 4. e3 b6 5. Bd3 Bb7 6. 0-0 Be7 7. h3 0-0 8. Bh2 Ne4 9. Nfd2 Nxd2 10. Nxd2 d6 11. Qe2 Nd7 12. Rfd1 Rc8 13. c3 Rc7 14. Nc4 cxd4 15. Nxd6 dxc3 16. Nxb7 Rxb7 17. Ba6 cxb2 18. Rab1 Qc8 19. Rxb2 Nc5 20. Bxb7 Qxb7 21. Rbd2 h6 22. f3 Rc8 23. Be5 Qc6 24. Qc4 Qe8 25. Qg4 Bf8 26. Ba1 Qb5 27. Kh1 a5 28. Qf4 Qc6 29. Kh2 b5 30. Rd8 Kh7 31. Qe5 f6 32. Rxc8 Qxc8 33. Qd4 Qc7+ 34. g3 b4 35. Qd8 Qxd8 36. Rxd8 Be7 37. Ra8 a4 38. Bd4 b3 39. axb3 axb3 40. Bxc5 Bxc5 41. Rb8 Bxe3 42. Rxb3 Bd4 43. Kg2 e5 44. Rb7 h5 45. Kf1 Kh6 46. Ke2 Kg6 47. Rc7 Kh6 48. Rd7 Kg6 49. Kd3 Kh6 50. Ke4 Kg6 51. g4 hxg4 52. fxg4 Bb2 53. Rd8 Bc3 54. Rf8 Bd4 55. h4 Bc3 56. h5+ Kg5 57. Kf3 Bb2 58. Re8 Kh6 59. Rb8 Bd4 60. Rb7 g6 61. hxg6 Kxg6 62. Rb8 f5 63. gxf5+ Kxf5 1/2-1/2

[Event "Puhajarve rap op 20th"]
[Site "Puhajarve"]
[Date "2019.12.01"]
[Round "30"]
[White "Lisenko, Alexander V"]
[Black "Nyback, Tomi"]
[Result "0-1"]
[WhiteElo "2315"]
[BlackElo "2559"]
[PlyCount "88"]
[EventDate "2019.11.29"]
[EventType "tourn (rapid)"]
[EventRounds "35"]
[EventCountry "EST"]
[SourceTitle "CBM 193 Extra"]
[Source "ChessBase"]
[SourceDate "2020.01.31"]
[SourceVersion "1"]
[SourceVersionDate "2020.01.31"]
[SourceQuality "1"]

1. c4 Nf6 2. g3 c6 3. Nf3 d5 4. b3 Bg4 5. Bg2 Nbd7 6. Bb2 e6 7. 0-0 Bd6 8. d4 Qb8 9. Nbd2 0-0 10. Re1 a5 11. a3 a4 12. b4 b5 13. c5 Bc7 14. h3 Bh5 15. g4 Bg6 16. Nh4 Be4 17. Nhf3 h6 18. Bc1 Re8 19. Ra2 e5 20. dxe5 Nxe5 21. Bb2 Bh7 22. Nxe5 Bxe5 23. Bxe5 Qxe5 24. Nf3 Qc7 25. Nd4 h5 26. Bf3 hxg4 27. hxg4 Be4 28. e3 Re5 29. Bxe4 dxe4 30. Nf5 g6 31. Nd6 Rg5 32. Kf1 Rxg4 33. Qd4 Qe7 34. Ke2 Qe6 35. Rb2 Rh4 36. Rg1 Rh2 37. Kd1 Ra7 38. Kc1 Re7 39. Kb1 Ng4 40. Rf1 f5 41. Ka1 Ne5 42. Rg1 Nf3 43. Qd1 Nxg1 44. Qxg1 Reh7 0-1

[Event "RUS-chT Seniors final"]
[Site "Sochi"]
[Date "2019.05.03"]
[Round "3.1"]
[White "Lisenko, Alexander V"]
[Black "Sabaev, Evgueni"]
[Result "1-0"]
[WhiteElo "2322"]
[BlackElo "2150"]
[PlyCount "55"]
[EventDate "2019.05.01"]
[EventType "team-tourn"]
[EventRounds "9"]
[EventCountry "RUS"]
[SourceTitle "CBM 190 Extra"]
[Source "ChessBase"]
[SourceDate "2019.07.15"]
[SourceVersion "1"]
[SourceVersionDate "2019.07.15"]
[SourceQuality "1"]
[WhiteTeam "Sochi Pearl"]
[BlackTeam "Tatarstan Ladya"]
[WhiteTeamCountry "RUS"]
[BlackTeamCountry "RUS"]

1. c4 e5 2. Nf3 e4 3. Nd4 Nf6 4. Nc3 Nc6 5. Nc2 Bc5 6. g3 0-0 7. Bg2 Re8 8. 0-0 d6 9. b3 Bf5 10. Ne3 Bxe3 11. dxe3 Qd7 12. Bb2 Bh3 13. Nd5 Nxd5 14. cxd5 Ne5 15. Rc1 Bxg2 16. Kxg2 f5 17. Rc2 Re7 18. Qd4 a6 19. Rfc1 a5 20. Rxc7 Qxc7 21. Rxc7 Rxc7 22. Qb6 Rac8 23. Qxd6 Nf7 24. Qe6 Rd8 25. Qxf5 Rcd7 26. Qxe4 Rxd5 27. Bd4 Ng5 28. Qe7 1-0

[Event "Bled Planinc Memorial 1st"]
[Site "Bled"]
[Date "2018.11.24"]
[Round "5"]
[White "Baimurzin, Aitkazy"]
[Black "Lisenko, Alexander V"]
[Result "0-1"]
[WhiteElo "2154"]
[BlackElo "2334"]
[PlyCount "130"]
[EventDate "2018.11.24"]
[EventType "swiss (blitz)"]
[EventRounds "9"]
[EventCountry "SLO"]
[SourceTitle "CBM 187 Extra"]
[Source "ChessBase"]
[SourceDate "2018.11.04"]
[SourceVersion "1"]
[SourceVersionDate "2018.11.04"]
[SourceQuality "1"]

1. Nf3 c5 2. c4 Nc6 3. g3 g6 4. Bg2 Bg7 5. Nc3 e6 6. 0-0 Nge7 7. Rb1 Nf5 8. a3 a5 9. e3 0-0 10. Nb5 d5 11. b3 d4 12. d3 dxe3 13. fxe3 e5 14. Qe2 Nd6 15. Bb2 e4 16. dxe4 Nxe4 17. Rbd1 Qe7 18. Ne1 Bxb2 19. Qxb2 Bg4 20. Rd5 Rad8 21. Nd3 Ng5 22. Qd2 Rxd5 23. cxd5 Ne5 24. Nxe5 Qxe5 25. h4 Ne4 26. Bxe4 Qxe4 27. Kh2 Bd7 28. Nc3 Qe5 29. Rf4 Rd8 30. a4 h6 31. e4 g5 32. hxg5 hxg5 33. Rf5 Qh8+ 34. Kg2 f6 35. Rf3 Bg4 36. Rd3 Qh3+ 37. Kg1 Kf7 38. Qg2 Qxg2+ 39. Kxg2 Ke7 40. Rd2 Kd6 41. Kf2 Rh8 42. Ke3 Rh1 43. Nb5+ Ke5 44. d6 Bd7 45. Rd5+ Ke6 46. Rxc5 Rb1 47. Rd5 Rxb3+ 48. Kd4 Rb4+ 49. Kd3 Rxa4 50. Nd4+ Kf7 51. Rc5 Ra3+ 52. Kc4 a4 53. Rc7 Ke8 54. Rxb7 Rxg3 55. Ra7 a3 56. Kd5 Rd3 57. Kc4 Re3 58. Kd5 g4 59. Nf5 Bxf5 60. exf5 Rd3+ 61. Kc6 Rc3+ 62. Kd5 g3 63. Ke6 Re3+ 64. Kxf6 g2 65. Rg7 a2 0-1

[Event "Wch Seniors 65 28th"]
[Site "Bled"]
[Date "2018.11.20"]
[Round "3"]
[White "Frick, Christoph"]
[Black "Lisenko, Alexander V"]
[Result "0-1"]
[WhiteElo "2186"]
[BlackElo "2334"]
[PlyCount "64"]
[EventDate "2018.11.18"]
[EventType "swiss"]
[EventRounds "11"]
[EventCountry "SLO"]
[SourceTitle "CBM 187 Extra"]
[Source "ChessBase"]
[SourceDate "2018.11.04"]
[SourceVersion "1"]
[SourceVersionDate "2018.11.04"]
[SourceQuality "1"]

1. d4 Nf6 2. Bf4 e6 3. e3 c5 4. c3 b6 5. Nd2 Be7 6. h3 Bb7 7. Ngf3 0-0 8. Bd3 cxd4 9. cxd4 Nc6 10. a3 d6 11. 0-0 e5 12. Bh2 Nxd4 13. Nxd4 exd4 14. exd4 Qd7 15. Rc1 Rac8 16. Qe2 Nd5 17. Rfe1 g6 18. Bc4 Bg5 19. Ne4 Rce8 20. Qd1 Ne3 21. fxe3 Rxe4 22. Qb3 Qe7 23. Rc3 Rxd4 24. Bg3 Rd2 25. Re2 Rxe2 26. Bxe2 Qe4 27. Bf1 Bd5 28. Qd1 Bxe3+ 29. Kh1 Re8 30. Bxd6 Qf5 31. Bh2 Bf2 32. Qd2 Be1 0-1

[Event "RUS-ch Eurasia Cup op"]
[Site "Ekaterinburg"]
[Date "2018.08.10"]
[Round "9"]
[White "Lisenko, Alexander V"]
[Black "Pingin, Artem"]
[Result "1-0"]
[WhiteElo "2345"]
[BlackElo "2040"]
[PlyCount "79"]
[EventDate "2018.08.01"]
[EventType "swiss"]
[EventRounds "9"]
[EventCountry "RUS"]
[SourceTitle "CBM 185 Extra"]
[Source "ChessBase"]
[SourceDate "2018.07.29"]
[SourceVersion "1"]
[SourceVersionDate "2018.07.29"]
[SourceQuality "1"]

1. c4 e6 2. g3 d5 3. Nf3 Nf6 4. Bg2 Be7 5. 0-0 0-0 6. d4 Nbd7 7. Nc3 c6 8. Qd3 b6 9. e4 dxc4 10. Qxc4 Bb7 11. Bf4 b5 12. Qe2 b4 13. e5 Nh5 14. Ne4 Nxf4 15. gxf4 c5 16. Rfd1 Qb6 17. Rac1 Rac8 18. dxc5 Nxc5 19. Nd6 Bxd6 20. Rxd6 Qa5 21. Nd4 Bxg2 22. Kxg2 Qxa2 23. Nc6 Rxc6 24. Rxc6 Qd5+ 25. Qf3 Nd3 26. Qxd5 Nxf4+ 27. Kf3 Nxd5 28. Rc8 Nb6 29. Rxf8+ Kxf8 30. b3 Nd7 31. Ke4 Ke8 32. Rc8+ Ke7 33. Kd4 Nb6 34. Rc7+ Kf8 35. Rxa7 g6 36. Rb7 Nd5 37. Rb5 Ne7 38. Kc5 Nd5 39. Rxb4 Nxb4 40. Kxb4 1-0

[Event "RUS-ch Eurasia Cup op"]
[Site "Ekaterinburg"]
[Date "2018.08.07"]
[Round "6"]
[White "Pastukhov, Leonid"]
[Black "Lisenko, Alexander V"]
[Result "1-0"]
[WhiteElo "2166"]
[BlackElo "2345"]
[PlyCount "55"]
[EventDate "2018.08.01"]
[EventType "swiss"]
[EventRounds "9"]
[EventCountry "RUS"]
[SourceTitle "CBM 185 Extra"]
[Source "ChessBase"]
[SourceDate "2018.07.29"]
[SourceVersion "1"]
[SourceVersionDate "2018.07.29"]
[SourceQuality "1"]

1. e4 c5 2. Nf3 Nc6 3. d4 cxd4 4. Nxd4 Nf6 5. Nc3 d6 6. Be2 g6 7. Be3 Bg7 8. h4 h5 9. f3 Ne5 10. Qd2 Bd7 11. Nd5 Nxd5 12. exd5 Rc8 13. b3 b5 14. 0-0 a6 15. Rac1 Qc7 16. c4 bxc4 17. bxc4 0-0 18. f4 Ng4 19. Bxg4 Bxg4 20. f5 Qd7 21. Bh6 Qa7 22. Bxg7 Kxg7 23. Kh2 Kh7 24. Rce1 Rxc4 25. fxg6+ Kg7 26. Rf4 fxg6 27. Rxg4 hxg4 28. Ne6+ 1-0

[Event "RUS-ch Eurasia Cup op"]
[Site "Ekaterinburg"]
[Date "2018.08.03"]
[Round "3"]
[White "Lisenko, Alexander V"]
[Black "Tyurin, Ilya1111"]
[Result "1-0"]
[WhiteElo "2345"]
[BlackElo "2069"]
[PlyCount "63"]
[EventDate "2018.08.01"]
[EventType "swiss"]
[EventRounds "9"]
[EventCountry "RUS"]
[SourceTitle "CBM 185 Extra"]
[Source "ChessBase"]
[SourceDate "2018.07.29"]
[SourceVersion "1"]
[SourceVersionDate "2018.07.29"]
[SourceQuality "1"]

1. Nf3 d5 2. c4 d4 3. e3 c5 4. b4 dxe3 5. fxe3 cxb4 6. d4 Nd7 7. Qa4 e6 8. Bd3 f5 9. Bd2 a5 10. c5 Ngf6 11. a3 bxa3 12. Nc3 Nd5 13. Nxd5 exd5 14. Bxf5 Qf6 15. Bd3 Be7 16. Bb5 Qe6 17. 0-0 0-0 18. Rxa3 b6 19. e4 bxc5 20. exd5 Qd6 21. Re3 Nb6 22. Qa2 c4 23. Rfe1 Bf6 24. Bc6 Ra7 25. Bc1 Qc7 26. Ba3 Rd8 27. Re8+ Rxe8 28. Rxe8+ Kf7 29. Rf8+ Kg6 30. Qc2+ Kh5 31. Qxh7+ Kg4 32. Bc1 1-0

[Event "RUS-chT Seniors"]
[Site "Sochi"]
[Date "2018.05.03"]
[Round "3.3"]
[White "Lisenko, Alexander V"]
[Black "Blechzin, Igor"]
[Result "1/2-1/2"]
[WhiteElo "2363"]
[BlackElo "2251"]
[PlyCount "70"]
[EventDate "2018.05.01"]
[EventType "team-tourn"]
[EventRounds "10"]
[EventCountry "RUS"]
[SourceTitle "EXT 2019"]
[Source "ChessBase"]
[SourceDate "2018.10.10"]
[SourceVersion "1"]
[SourceVersionDate "2018.10.10"]
[SourceQuality "1"]
[WhiteTeam "Sima Lend"]
[BlackTeam "St Petersburg Bronze Horseman"]
[WhiteTeamCountry "RUS"]
[BlackTeamCountry "RUS"]

1. Nf3 Nf6 2. c4 e6 3. g3 d5 4. Bg2 dxc4 5. Qa4+ Nbd7 6. 0-0 a6 7. Qxc4 b5 8. Qb3 Bb7 9. Nc3 c5 10. d3 Be7 11. a4 c4 12. dxc4 Nc5 13. Qa2 b4 14. Nd1 b3 15. Qa3 0-0 16. Be3 Nfe4 17. Nc3 Rb8 18. Nxe4 Nxe4 19. c5 Qa5 20. Rac1 Bd5 21. Rfd1 Rfc8 22. Ne5 Rxc5 23. Bxc5 Bxc5 24. Rxc5 Qxc5 25. Qxc5 Nxc5 26. Bxd5 exd5 27. Rd4 Re8 28. Nd3 Nxd3 29. exd3 g6 30. Rxd5 Re2 31. Ra5 Rxb2 32. Rxa6 Rd2 33. Rb6 Rxd3 34. a5 Rd1+ 35. Kg2 Ra1 1/2-1/2

[Event "EU-chT Seniors 65"]
[Site "Walbrzych"]
[Date "2018.04.22"]
[Round "9.4"]
[White "Lisenko, Alexander V"]
[Black "Fernengel, Rudolf"]
[Result "1-0"]
[WhiteElo "2368"]
[BlackElo "1789"]
[PlyCount "65"]
[EventDate "2018.04.14"]
[EventType "team-swiss"]
[EventRounds "9"]
[EventCountry "POL"]
[SourceTitle "CBM 184 Extra"]
[Source "ChessBase"]
[SourceDate "2018.06.28"]
[SourceVersion "1"]
[SourceVersionDate "2018.06.28"]
[SourceQuality "1"]
[WhiteTeam "Russia 65"]
[BlackTeam "Germany BSW/DBAG 65"]
[WhiteTeamCountry "RUS"]
[BlackTeamCountry "GER"]

1. c4 Nf6 2. g3 e6 3. Bg2 d5 4. Nf3 c6 5. b3 Nbd7 6. Bb2 Be7 7. 0-0 0-0 8. d3 Ne8 9. Nbd2 Bf6 10. d4 Nd6 11. Qc2 Re8 12. Ne5 Be7 13. f4 Nf8 14. e4 Nxe4 15. Nxe4 dxe4 16. Bxe4 f6 17. Nd3 Qa5 18. Bf3 Bd7 19. Bc3 Qb6 20. b4 a6 21. a4 Qc7 22. a5 Rad8 23. Rfe1 Bd6 24. Re2 Bc8 25. Bh5 g6 26. Bf3 Qf7 27. Rae1 Bd7 28. Kg2 Kg7 29. Nf2 h5 30. Ne4 Be7 31. d5 exd5 32. Ng5 Qg8 33. Rxe7+ 1-0

[Event "EU-chT Seniors 65"]
[Site "Walbrzych"]
[Date "2018.04.17"]
[Round "4.4"]
[White "Marks, Ian Alexander"]
[Black "Lisenko, Alexander V"]
[Result "0-1"]
[WhiteElo "1895"]
[BlackElo "2368"]
[PlyCount "42"]
[EventDate "2018.04.14"]
[EventType "team-swiss"]
[EventRounds "9"]
[EventCountry "POL"]
[SourceTitle "CBM 184 Extra"]
[Source "ChessBase"]
[SourceDate "2018.06.28"]
[SourceVersion "1"]
[SourceVersionDate "2018.06.28"]
[SourceQuality "1"]
[WhiteTeam "Scotland 65"]
[BlackTeam "Russia 65"]
[WhiteTeamCountry "SCO"]
[BlackTeamCountry "RUS"]

1. d4 Nf6 2. Nf3 e6 3. e3 b6 4. Bd3 Bb7 5. 0-0 c5 6. c4 cxd4 7. exd4 Be7 8. Nc3 d5 9. cxd5 Nxd5 10. Re1 Nxc3 11. bxc3 Nd7 12. Qe2 0-0 13. Bb2 Bf6 14. Ne5 Bxe5 15. dxe5 Nc5 16. Bxh7+ Kxh7 17. Qh5+ Kg8 18. Re3 Qd5 19. Rg3 Qe4 20. f3 Qe3+ 21. Kh1 Nd3 0-1

[Event "EU-chT Seniors 65"]
[Site "Walbrzych"]
[Date "2018.04.15"]
[Round "2.4"]
[White "Meskanen, Vesa"]
[Black "Lisenko, Alexander V"]
[Result "0-1"]
[WhiteElo "2066"]
[BlackElo "2368"]
[PlyCount "72"]
[EventDate "2018.04.14"]
[EventType "team-swiss"]
[EventRounds "9"]
[EventCountry "POL"]
[SourceTitle "CBM 184 Extra"]
[Source "ChessBase"]
[SourceDate "2018.06.28"]
[SourceVersion "1"]
[SourceVersionDate "2018.06.28"]
[SourceQuality "1"]
[WhiteTeam "Finland 65"]
[BlackTeam "Russia 65"]
[WhiteTeamCountry "FIN"]
[BlackTeamCountry "RUS"]

1. d4 Nf6 2. c4 e6 3. Nf3 Bb4+ 4. Bd2 Qe7 5. g3 Nc6 6. Nc3 0-0 7. Bg2 Bxc3 8. Bxc3 Ne4 9. Qc2 Nxc3 10. Qxc3 d6 11. 0-0 a5 12. b3 Re8 13. e4 e5 14. d5 Nb8 15. a3 c6 16. b4 cxd5 17. exd5 b6 18. Rfe1 axb4 19. axb4 Rxa1 20. Qxa1 Qc7 21. Rc1 Bb7 22. Nd2 Nd7 23. Qc3 f5 24. f4 e4 25. Nb3 b5 26. Nd4 bxc4 27. Nxf5 Nf6 28. Qxc4 Qd7 29. Bh3 Kh8 30. Qd4 e3 31. g4 Re4 32. Qb6 e2 33. Kf2 Rxf4+ 34. Kxe2 Qe8+ 35. Kd2 Rf2+ 36. Kd3 Qe4+ 0-1

[Event "Puhajarve rap op 18th"]
[Site "Puhajarve"]
[Date "2017.11.26"]
[Round "31"]
[White "Ehlvest, Jaan"]
[Black "Lisenko, Alexander V"]
[Result "1/2-1/2"]
[WhiteElo "2536"]
[BlackElo "2372"]
[PlyCount "68"]
[EventDate "2017.11.24"]
[EventType "tourn (rapid)"]
[EventRounds "35"]
[EventCountry "EST"]
[SourceTitle "CBM 181 Extra"]
[Source "ChessBase"]
[SourceDate "2017.12.12"]
[SourceVersion "1"]
[SourceVersionDate "2017.12.12"]
[SourceQuality "1"]

1. c4 c5 2. Nc3 g6 3. g3 Bg7 4. Bg2 Nc6 5. d3 e6 6. Bxc6 bxc6 7. Qd2 d6 8. b3 Ne7 9. Bb2 0-0 10. f4 e5 11. fxe5 Bxe5 12. Nf3 Bg7 13. Ne4 f6 14. h3 a5 15. g4 a4 16. bxa4 Rxa4 17. g5 fxg5 18. Bxg7 Kxg7 19. Qc3+ Kh6 20. Nfxg5 Qa5 21. Qxa5 Rxa5 22. h4 d5 23. Nd6 Bg4 24. a4 Nf5 25. Nb7 Re8 26. e4 Ra7 27. Nxc5 dxe4 28. Ncxe4 Nd4 29. Kf2 Kg7 30. Kg3 Be2 31. Nf2 Nf5+ 32. Kg2 Ne3+ 33. Kg3 Nf5+ 34. Kg2 Ne3+ 1/2-1/2

[Event "Puhajarve rap op 18th"]
[Site "Puhajarve"]
[Date "2017.11.26"]
[Round "33"]
[White "Kveinys, Aloyzas"]
[Black "Lisenko, Alexander V"]
[Result "1-0"]
[WhiteElo "2545"]
[BlackElo "2372"]
[PlyCount "75"]
[EventDate "2017.11.24"]
[EventType "tourn (rapid)"]
[EventRounds "35"]
[EventCountry "EST"]
[SourceTitle "CBM 181 Extra"]
[Source "ChessBase"]
[SourceDate "2017.12.12"]
[SourceVersion "1"]
[SourceVersionDate "2017.12.12"]
[SourceQuality "1"]

1. e4 c5 2. Nf3 Nc6 3. Bb5 Na5 4. Be2 a6 5. 0-0 b5 6. a4 b4 7. b3 Bb7 8. d3 Nf6 9. Bb2 e6 10. Nbd2 d6 11. e5 Nd5 12. Ne4 dxe5 13. Nxe5 Be7 14. Bf3 0-0 15. Nc4 f6 16. Nxa5 Qxa5 17. Nd2 Qc7 18. Qe2 e5 19. Nc4 Nf4 20. Qe3 a5 21. Be4 Rfd8 22. Rae1 Ne6 23. g3 Ng5 24. Bxb7 Qxb7 25. f3 Rd7 26. h4 Nf7 27. Qe4 Qxe4 28. fxe4 Rda7 29. Kg2 Nd6 30. Ne3 Rf8 31. Bc1 g6 32. Nd5 Kg7 33. Be3 Rc8 34. Rf2 f5 35. Bc1 f4 36. Bb2 Nf7 37. Rxf4 Rf8 38. Ref1 1-0

[Event "Puhajarve rap op 18th"]
[Site "Puhajarve"]
[Date "2017.11.26"]
[Round "29"]
[White "Sammalvuo, Tapani"]
[Black "Lisenko, Alexander V"]
[Result "1-0"]
[WhiteElo "2414"]
[BlackElo "2372"]
[PlyCount "159"]
[EventDate "2017.11.24"]
[EventType "tourn (rapid)"]
[EventRounds "35"]
[EventCountry "EST"]
[SourceTitle "CBM 181 Extra"]
[Source "ChessBase"]
[SourceDate "2017.12.12"]
[SourceVersion "1"]
[SourceVersionDate "2017.12.12"]
[SourceQuality "1"]

1. d4 Nf6 2. c4 e6 3. Nf3 Bb4+ 4. Bd2 Qe7 5. g3 Nc6 6. Nc3 0-0 7. Bg2 Bxc3 8. Bxc3 Ne4 9. Rc1 d6 10. d5 Nxc3 11. Rxc3 Nd8 12. 0-0 e5 13. Nd2 f5 14. c5 e4 15. cxd6 cxd6 16. Qc2 Nf7 17. Rc7 Qf6 18. Rc1 b6 19. Nb3 Ba6 20. Qd2 Qe5 21. Bh3 h6 22. Nd4 Ng5 23. Bg2 Qxd5 24. Qb4 Rac8 25. Qa4 Rxc7 26. Rxc7 Rc8 27. Rxc8+ Bxc8 28. e3 Qc5 29. Bf1 a5 30. h4 Nf3+ 31. Nxf3 exf3 32. Qe8+ Kh7 33. h5 Qc1 34. Qg6+ Kg8 35. Qe8+ Kh7 36. Qg6+ Kg8 37. Qe8+ Kh7 38. Qb5 Qe1 39. Qd3 Kh8 40. Qc4 Bd7 41. a4 f4 42. exf4 Bh3 43. f5 Kh7 44. Qd3 Kh8 45. b3 Kg8 46. Qd5+ Kh7 47. Qd3 Kg8 48. Qc4+ Kh7 49. g4 Bxf1 50. Qxf1 Qe4 51. Qh3 Qe1+ 52. Qf1 Qe4 53. Kh2 Qxg4 54. Qh3 Qf4+ 55. Kg1 Qg5+ 56. Kh2 Kg8 57. Qxf3 Qh4+ 58. Kg2 Qg5+ 59. Kf1 Qc1+ 60. Ke2 Qc2+ 61. Ke1 Qc1+ 62. Qd1 Qc3+ 63. Kf1 Qh3+ 64. Kg1 Qxf5 65. Qxd6 Qxh5 66. Qd8+ Kh7 67. Qxb6 Qg5+ 68. Kf1 h5 69. b4 Qc1+ 70. Kg2 Qg5+ 71. Kf3 Qg4+ 72. Ke3 axb4 73. a5 Qg5+ 74. Ke2 Qe5+ 75. Kf1 Qa1+ 76. Kg2 Qc3 77. a6 b3 78. a7 Qc8 79. Qb8 Qc6+ 80. Kh2 1-0

[Event "Wch Seniors 65 27th"]
[Site "Acqui Terme"]
[Date "2017.11.17"]
[Round "10"]
[White "Lisenko, Alexander V"]
[Black "Beltz, Robert"]
[Result "1-0"]
[WhiteElo "2372"]
[BlackElo "2158"]
[PlyCount "53"]
[EventDate "2017.11.07"]
[EventType "swiss"]
[EventRounds "11"]
[EventCountry "ITA"]
[SourceTitle "CBM 181 Extra"]
[Source "ChessBase"]
[SourceDate "2017.12.12"]
[SourceVersion "1"]
[SourceVersionDate "2017.12.12"]
[SourceQuality "1"]

1. c4 Nf6 2. g3 d5 3. Nf3 dxc4 4. Qa4+ c6 5. Qxc4 Nbd7 6. d4 Nb6 7. Qd3 g6 8. Nc3 Bg7 9. Bg2 Be6 10. 0-0 0-0 11. Re1 Bc4 12. Qc2 a5 13. e4 h6 14. h3 Nfd7 15. Be3 Qc7 16. Rad1 Ba6 17. b3 Kh7 18. a4 Rac8 19. Rc1 Qd6 20. e5 Qe6 21. Ne4 f6 22. exf6 exf6 23. Bxh6 Kxh6 24. Qd2+ g5 25. Nexg5 Qxb3 26. Re7 Qb4 27. Qf4 1-0